000 00491nam a2200205Ia 4500
005 20250425161603.0
008 250425s9999 xx 000 0 und d
020 _a0849364205
041 _aeng
082 _a551.6
100 _aSULMAN, FELIX G
245 0 _aSHORT-AND LONG-TERM CHANGES IN CLIMATE (VOLUME I)
250 _aS.E.
260 _aBOCA RATON
260 _aEstados Unidos
_bCRCP
_c1982
300 _a163
650 _aCAMBIO CLIMATICO
942 _c01
010 _a23543
999 _c212085
_d212085